Statistics for Champions League Semi-Finalists 2003/04 - 2013/14

Click here to take the quiz!

General Stats

  • This quiz has been taken 502 times
  • The average score is 43 of 44

Answer Stats

YearNation of ClubReached the Final?Answer% Correct
EnglandYesChelsea
100%
2011/12EnglandYesChelsea
100%
EnglandNoChelsea
100%
EnglandNoChelsea
100%
2004/05EnglandNoChelsea
100%
EnglandNoChelsea
100%
EnglandNoChelsea
100%
SpainNoFC Barcelona
99%
GermanyYesBayern Munchen
99%
2010/11EnglandYesManchester Utd
99%
SpainYesFC Barcelona
99%
GermanyNoBayern Munchen
99%
SpainNoReal Madrid
99%
SpainNoFC Barcelona
99%
GermanyYesBayern Munchen
99%
2012/13SpainNoReal Madrid
99%
GermanyYesBayern Munchen
99%
SpainNoFC Barcelona
99%
2013/14SpainYesReal Madrid
99%
SpainNoReal Madrid
99%
SpainYesFC Barcelona
99%
EnglandYesManchester Utd
99%
2008/09EnglandNoArsenal
99%
EnglandYesManchester Utd
99%
SpainNoFC Barcelona
99%
EnglandNoManchester Utd
99%
2005/06EnglandYesArsenal
99%
SpainYesFC Barcelona
99%
PortugalYesFC Porto
98%
EnglandYesLiverpool
98%
ItalyYesAC Milan
98%
ItalyNoAC Milan
98%
2006/07EnglandYesLiverpool
98%
ItalyYesAC Milan
98%
2007/08EnglandNoLiverpool
98%
ItalyYesInternazionale
98%
GermanyYesBorussia Dortmund
97%
SpainYesAtletico Madrid
97%
2009/10FranceNoOlympique Lyonnais
96%
NetherlandsNoPSV Eindhoven
94%
2003/04FranceYesAS Monaco
94%
GermanyNoFC Schalke 04
88%
SpainNoVillarreal
80%
SpainNoDeportivo La Coruna
78%

Score Distribution

Percentile by Number Answered

Percent of People with Each Score

Your Score History

You have not taken this quiz